El almuerzo desnudo (Record no. 137271)
[ view plain ]
| 000 -CABECERA | |
|---|---|
| campo de control de longitud fija | ngm a22 7a 4500 |
| 005 - FECHA Y HORA DE LA ÚLTIMA TRANSACCIÓN | |
| campo de control | 20171011100959.0 |
| 008 - DATOS DE LONGITUD FIJA--INFORMACIÓN GENERAL | |
| campo de control de longitud fija | 171011t1991 |11|| |||| s0| mleng d |
| 050 04 - SIGNATURA TOPOGRÁFICA DE LA BIBLIOTECA DEL CONGRESO | |
| Número de clasificación | PN1995.9.S26 |
| Número de documento/Ítem | A46 1991 |
| 245 00 - MENCIÓN DE TÍTULO | |
| Título | El almuerzo desnudo |
| Resto del título | : = Naked lunch |
| Mención de responsabilidad, etc. | / una película de David Cronenberg. |
| Medio | [Videograbación] |
| 246 31 - FORMA VARIANTE DE TÍTULO | |
| Título propio/Titulo breve | Naked lunch |
| Medio | [Videograbación] |
| 260 ## - PUBLICACIÓN, DISTRIBUCIÓN, ETC. (PIE DE IMPRENTA) | |
| Lugar de publicación, distribución, etc. | México, D. F. : |
| Nombre del editor, distribuidor, etc. | Record picture company |
| Fecha de publicación, distribución, etc. | 1991 |
| 300 ## - DESCRIPCIÓN FÍSICA | |
| Extensión | 1 DVD ( 110 min)| |
| Otras características físicas | son., col. |
| Dimensiones | 4 3/4 plg. |
| 500 ## - NOTA GENERAL | |
| Nota general | Adaptación de la novela del mismo título, original de William S. Burroughs.<br/>Cine estadounidense.<br/> |
| 508 ## - NOTA DE CRÉDITOS DE CREACIÓN O PRODUCCIÓN | |
| Nota de créditos de creación o producción | Diseñador de vestuario, Denise Cronenber ; editado por Ronald Sanders ; música por Howard Shore ; diseñador de producción, Carol Spier ; director de fotografía, Peter Suschitzky ; co-productor, Gabriella Martinelli ; producida por David Cronenberg. Jeremy Thomas ; escrita y dirigida por David Cronenberg. |
| 511 ## - NOTA DE PARTICIPANTES O INTÉRPRETES | |
| Nota de participantes o intérpretes | Peter Weller, Judy Davis, Ian Holm, Julian Snads, Monique Mercure, Nicholas Cambell, Michael Zelnniker, Robert A, Silverman, Jospeh Scorsiani y Roy Scheider. |
| 520 ## - SUMARIO, ETC. | |
| Sumario, etc. | Versión, parcialmente autobiográfica, de la novela de William S. Burroughs, uno de los escritores experimentales más destacados, junto con Jack Kerouac y Allen Ginsberg, quien se dio a conocer a finales de los años 1950. William Lee es un exterminador de insectos que ha dejado atrás las drogas y la mala vida. Pero se encuentra con que su esposa se ha convertido en adicta al polvillo con el que su marido mata a las cucarachas. Una noche, en medio de un juego, William mata accidentalmente a su esposa de un tiro. Consecuentemente el protagonista debe escapar a la Interzona, una versión alucinante de Tánger, un lugar donde las máquinas de escribir son insectos que hablan y donde un escritor amanerado y su esposa son peones en un rompecabezas de espionaje bizarro entre los seres humanos y una raza de ciempiés gigantes que puede llegar a ocurrir solamente en la cabeza del protagonista<br/><br/> |
| 521 ## - NOTA DE PÚBLICO DESTINATARIO | |
| Nota de público destinatario | No recomendada para menores de 18 años |
| 538 ## - NOTA DE DETALLES DEL SISTEMA | |
| Nota de detalles del sistema | DVD Región 4 |
| 546 ## - NOTA DE LENGUA/LENGUAJE | |
| Nota de lengua/lenguaje | inglés, con subtítulos en español. |
| 650 #4 - PUNTO DE ACCESO ADICIONAL DE MATERIA--TÉRMINO DE MATERIA | |
| Término de materia o nombre geográfico como elemento inicial | Cine de ciencia ficción |
| 650 #4 - PUNTO DE ACCESO ADICIONAL DE MATERIA--TÉRMINO DE MATERIA | |
| Término de materia o nombre geográfico como elemento inicial | Cine de suspenso |
| 650 #4 - PUNTO DE ACCESO ADICIONAL DE MATERIA--TÉRMINO DE MATERIA | |
| Término de materia o nombre geográfico como elemento inicial | Cine fantástico |
| 650 #4 - PUNTO DE ACCESO ADICIONAL DE MATERIA--TÉRMINO DE MATERIA | |
| Término de materia o nombre geográfico como elemento inicial | Cine de ficción |
| 700 1# - PUNTO DE ACCESO ADICIONAL--NOMBRE DE PERSONA | |
| Nombre de persona | David Cronenberg |
| Término indicativo de función/relación | dir. |
| 700 1# - PUNTO DE ACCESO ADICIONAL--NOMBRE DE PERSONA | |
| Nombre de persona | Denise Cronenber |
| Término indicativo de función/relación | diseñador |
| 700 1# - PUNTO DE ACCESO ADICIONAL--NOMBRE DE PERSONA | |
| Nombre de persona | Ronald Sanders |
| Término indicativo de función/relación | editor |
| 700 1# - PUNTO DE ACCESO ADICIONAL--NOMBRE DE PERSONA | |
| Nombre de persona | Howard Shore |
| Término indicativo de función/relación | música |
| 700 1# - PUNTO DE ACCESO ADICIONAL--NOMBRE DE PERSONA | |
| Nombre de persona | Carol Spier |
| Término indicativo de función/relación | fotografía |
| 700 1# - PUNTO DE ACCESO ADICIONAL--NOMBRE DE PERSONA | |
| Nombre de persona | Gabriella Martinelli productor |
| 700 1# - PUNTO DE ACCESO ADICIONAL--NOMBRE DE PERSONA | |
| Nombre de persona | Gabriella Martinelli |
| Término indicativo de función/relación | co-productor |
| 700 1# - PUNTO DE ACCESO ADICIONAL--NOMBRE DE PERSONA | |
| Nombre de persona | Jeremy Thomas |
| Término indicativo de función/relación | productor |
| 700 1# - PUNTO DE ACCESO ADICIONAL--NOMBRE DE PERSONA | |
| Nombre de persona | Peter Weller, |
| Término indicativo de función/relación | actor |
| 700 1# - PUNTO DE ACCESO ADICIONAL--NOMBRE DE PERSONA | |
| Nombre de persona | Judy Davis, |
| Término indicativo de función/relación | actor |
| 700 1# - PUNTO DE ACCESO ADICIONAL--NOMBRE DE PERSONA | |
| Nombre de persona | Ian Holm, |
| Término indicativo de función/relación | actor |
| 700 1# - PUNTO DE ACCESO ADICIONAL--NOMBRE DE PERSONA | |
| Nombre de persona | Julian Snads, |
| Término indicativo de función/relación | actor |
| 700 1# - PUNTO DE ACCESO ADICIONAL--NOMBRE DE PERSONA | |
| Nombre de persona | Monique Mercure, |
| Término indicativo de función/relación | actor |
| 700 1# - PUNTO DE ACCESO ADICIONAL--NOMBRE DE PERSONA | |
| Nombre de persona | Nicholas Cambell, |
| Término indicativo de función/relación | actor |
| 700 1# - PUNTO DE ACCESO ADICIONAL--NOMBRE DE PERSONA | |
| Nombre de persona | Michael Zelnniker, |
| Término indicativo de función/relación | actor |
| 700 1# - PUNTO DE ACCESO ADICIONAL--NOMBRE DE PERSONA | |
| Nombre de persona | Robert A, Silverman, |
| Término indicativo de función/relación | actor |
| 700 1# - PUNTO DE ACCESO ADICIONAL--NOMBRE DE PERSONA | |
| Nombre de persona | Jospeh Scorsiani |
| Término indicativo de función/relación | actor |
| 700 1# - PUNTO DE ACCESO ADICIONAL--NOMBRE DE PERSONA | |
| Nombre de persona | Roy Scheider. |
| Término indicativo de función/relación | actor |
| 942 ## - ELEMENTOS DE PUNTO DE ACCESO ADICIONAL (KOHA) | |
| Fuente del sistema de clasificación o colocación | Biblioteca del Cogreso de los Estados Unidos |
| Tipo de ítem Koha | Película |
| Estado de retiro | Estado de pérdida | Fuente del sistema de clasificación o colocación | Estado dañado | No para préstamo | Localización permanente | Ubicación/localización actual | Ubicación en estantería | Fecha de adquisición | Fuente de adquisición | Enumeración/cronología de publicación seriada | Signatura topográfica completa | Código de barras | Fecha visto por última vez | Número de copia | Precio válido a partir de | Tipo de ítem Koha |
|---|---|---|---|---|---|---|---|---|---|---|---|---|---|---|---|---|
| Biblioteca del Cogreso de los Estados Unidos | Biblioteca de la Facultad de Psicología | Biblioteca de la Facultad de Psicología | Material Audiovisual | 11/10/2017 | Donación | VBFP000254 | PN1995.9.S26 A46 1991 | VBFP000254 | 11/10/2017 | 1 | 11/10/2017 | Película |